|
|
|
|
| LEADER |
00000nam0a2200000 4500 |
| 001 |
192603 |
| 005 |
20231101224429.0 |
| 035 |
|
|
|a (RuTPU)RU\TPU\book\210022
|
| 090 |
|
|
|a 192603
|
| 100 |
|
|
|a 20110304d1991 m y0rusy50 ca
|
| 101 |
0 |
|
|a rus
|
| 102 |
|
|
|a RU
|
| 105 |
|
|
|a y z 001zy
|
| 200 |
1 |
|
|a Статистические методы моделирования и принятия решений в развивающихся медико-биологических системах
|f А. В. Лапко, О. М. Новиков, Л. С. Поликарпов
|g Российская академия наук (РАН), Сибирское отделение (СО), Красноярский научный центр (КНЦ)
|
| 210 |
|
|
|a Новосибирск
|c Наука
|d 1991
|
| 215 |
|
|
|a 223 с.
|
| 320 |
|
|
|a Библиогр.: с. 206-217.
|
| 606 |
1 |
|
|a Медицинская информатика
|2 stltpush
|3 (RuTPU)RU\TPU\subj\52452
|9 70885
|
| 610 |
1 |
|
|a моделирование
|
| 610 |
1 |
|
|a принятие решений
|
| 610 |
1 |
|
|a медико-биологические системы
|
| 610 |
1 |
|
|a статистические методы
|
| 610 |
1 |
|
|a анализ
|
| 610 |
1 |
|
|a синтез
|
| 610 |
1 |
|
|a статистические модели
|
| 610 |
1 |
|
|a алгоритмы управления
|
| 675 |
|
|
|a 61:004
|v 3
|
| 675 |
|
|
|a 57:51
|v 3
|
| 700 |
|
1 |
|a Лапко
|b А. В.
|g Александр Васильевич
|
| 701 |
|
1 |
|a Новиков
|b О. М.
|g Олег Михайлович
|
| 701 |
|
1 |
|a Поликарпов
|b Л. С.
|g Леонид Севастьянович
|
| 712 |
0 |
2 |
|a Российская академия наук (РАН)
|b Сибирское отделение (СО)
|b Красноярский научный центр (КНЦ)
|2 stltpush
|3 (RuTPU)RU\TPU\col\6201
|
| 801 |
|
1 |
|a RU
|b 63413507
|c 20110304
|
| 801 |
|
2 |
|a RU
|b 63413507
|c 20221007
|g RCR
|
| 942 |
|
|
|c BK
|